[Event "Almaty Seimar op"]
[Site "Almaty"]
[Date "2007.08.20"]
[Round "3"]
[White "Moisseyenko, Ilya"]
[Black "Susliakov, Dmitriy"]
[Result "0-1"]
[WhiteElo "2258"]
[BlackElo "2009"]
[PlyCount "69"]
[EventDate "2007.08.18"]
[EventType "swiss"]
[EventRounds "9"]
[EventCountry "KAZ"]
[SourceTitle "EXT 2022"]
[Source "ChessBase"]
[SourceDate "2021.10.06"]
[SourceVersion "1"]
[SourceVersionDate "2021.10.06"]
[SourceQuality "1"]

1. e4 c5 2. Nf3 Nc6 3. d4 cxd4 4. Nxd4 Nf6 5. Nc3 d6 6. Be2 e5 7. Nb3 Be7 8. 0-0 Be6 9. f4 exf4 10. Bxf4 0-0 11. Kh1 d5 12. e5 Ne8 13. Nd4 Nc7 14. Bg3 Bh4 15. Nxe6 fxe6 16. Rxf8+ Kxf8 17. Qe1 Bxg3 18. Qxg3 Kg8 19. Re1 Qe7 20. Nd1 Rf8 21. Ne3 Nd4 22. Bd3 Nf5 23. Nxf5 exf5 24. Qf3 Qb4 25. Qf2 Ne6 26. c3 Qc5 27. Qf3 Ng5 28. Qe2 Ne4 29. Rf1 Qe7 30. c4 d4 31. Rxf5 Rxf5 32. Qxe4 Rxe5 33. Qxh7+ Kf8 34. g3 Qf6 35. Qh3 0-1

[Event "Almaty Seimar op"]
[Site "Almaty"]
[Date "2007.08.19"]
[Round "2"]
[White "Susliakov, Dmitriy"]
[Black "Issabayev, Dias"]
[Result "1/2-1/2"]
[WhiteElo "2009"]
[BlackElo "2237"]
[PlyCount "79"]
[EventDate "2007.08.18"]
[EventType "swiss"]
[EventRounds "9"]
[EventCountry "KAZ"]
[SourceTitle "EXT 2022"]
[Source "ChessBase"]
[SourceDate "2021.10.06"]
[SourceVersion "1"]
[SourceVersionDate "2021.10.06"]
[SourceQuality "1"]

1. c4 g6 2. g3 Bg7 3. Bg2 Nf6 4. Nc3 0-0 5. e3 e5 6. Nge2 c6 7. d4 d6 8. 0-0 Re8 9. Qc2 a5 10. b3 Bf5 11. e4 Bg4 12. f3 exd4 13. fxg4 dxc3 14. h3 d5 15. exd5 cxd5 16. Bg5 dxc4 17. Nxc3 h6 18. Bxf6 Bxf6 19. Bd5 Kg7 20. bxc4 Nc6 21. Rad1 Qb6+ 22. Kg2 Nb4 23. Qd2 Qe3 24. Nb5 Rad8 25. Rf3 Nxd5 26. cxd5 Qe2+ 27. Qxe2 Rxe2+ 28. Rf2 Rxf2+ 29. Kxf2 Rc8 30. Rd2 Rc1 31. Nd6 Be7 32. Ne4 Rc8 33. Kf3 f5 34. gxf5 gxf5 35. Nf2 Kf6 36. d6 Bd8 37. g4 b5 38. gxf5 Kxf5 39. Ng4 Rc3+ 40. Kg2 1/2-1/2

[Event "Abaza op"]
[Site "Abaza"]
[Date "2007.07.??"]
[Round "6"]
[White "Astrikov, Nikolay"]
[Black "Susliakov, Dmitriy"]
[Result "1/2-1/2"]
[WhiteElo "2158"]
[BlackElo "2009"]
[PlyCount "93"]
[EventDate "2007.07.16"]
[EventType "swiss"]
[EventRounds "9"]
[EventCountry "RUS"]
[SourceTitle "EXT 2022"]
[Source "ChessBase"]
[SourceDate "2021.10.06"]
[SourceVersion "1"]
[SourceVersionDate "2021.10.06"]
[SourceQuality "1"]

1. Nf3 Nf6 2. g3 c5 3. Bg2 Nc6 4. 0-0 g6 5. d3 Bg7 6. e4 0-0 7. Nc3 d6 8. Bg5 h6 9. Bd2 Rb8 10. Nh4 b5 11. f4 Ng4 12. e5 b4 13. Ne2 Qb6 14. Bxc6 Qxc6 15. h3 Nxe5 16. fxe5 Bxh3 17. Rf2 Bxe5 18. Bxh6 Rfe8 19. d4 cxd4 20. Qd3 Qb5 21. Qxb5 Rxb5 22. Nf3 Bh8 23. Nexd4 Rh5 24. Bd2 e5 25. Re1 a5 26. Nc6 Ra8 27. Ng5 f6 28. Nxh3 Rxh3 29. Kg2 Rh7 30. Be3 d5 31. c3 Rc7 32. Nxa5 d4 33. cxb4 dxe3 34. Rxe3 f5 35. Rc3 Rd7 36. Rfc2 e4 37. Rc8+ Rxc8 38. Rxc8+ Kh7 39. b5 Rd2+ 40. Kf1 Rxb2 41. Nb3 Be5 42. g4 e3 43. Nc1 Rxb5 44. gxf5 gxf5 45. Ke2 f4 46. Nd3 Ra5 47. a4 1/2-1/2